000 00471nam a2200157 i 4500
001 69362
003 ES-MaACL
005 20230906170513.0
007 t|
008 040705s1971 sp ||||1| spa d
100 1 _aGarcía Bellsola, Domingo.
_954251
245 1 3 _aEl naturismo
_b: guía de salud y de felicidad /
_cDomingo Gª Bellsola.
260 _aViladrau :
_bCedel,
_c[1971]
300 _a349 p., 14 lám. :
_bil. ;
_c20 cm.
852 _aES-MaACL
_jC-46469
_bR.81612
999 _c69362
_d69362